Statistics for Korfball Quiz

Click here to take the quiz!

General Stats

  • This quiz has been taken 78 times
  • The average score is 3 of 9

Answer Stats

HintAnswer% Correct
The country where Korfball was inventedNetherlands
94%
Number of players per team8
71%
The year Korfball was invented1902
27%
The country that sport came fromSweden
25%
First year of the Korfball World Championship1978
22%
The man who invented itNico Broekhuysen
13%
The sport that inspired KorfballRingboll
13%
Year the International Korfball Federation was founded1933
13%
Number of countries within the federation66
11%

Score Distribution

Percentile by Number Answered

Percent of People with Each Score

Your Score History

You have not taken this quiz